| 000 | 00433nam a2200145Ia 4500 | ||
|---|---|---|---|
| 999 |
_c12583 _d12583 |
||
| 082 | _aRR 025.210954 MOO-; | ||
| 100 | _aMookerjee, Subobh Kumar | ||
| 245 | 0 | _aDevelopment of libraries and library science in India | |
| 260 |
_aCalcutta _bWorld Press _c1969 |
||
| 300 | _ax, 534p. | ||
| 650 | _aLibrary administration - India | ||
| 650 | _aLibrary science - History - India | ||
| 650 | _aLibrary education - India | ||
| 942 |
_cBK _2ddc |
||